000 00431nam a22001577a 4500
999 _c2554
_d2554
008 200309b ||||| |||| 00| 0 eng d
041 0 _aeng
082 0 0 _a623.826
_bD627
100 _92151
_aD'Mello, C.V.
245 1 0 _aProficiency in survival craft and boat /
_cby C.V. D'Mello.
250 _a1st ed.
260 _aMumbai:
_bBhandarkar Publication,
_c2006.
300 _a122 p.
650 0 _aShips--Safety regulations
942 _cBK